Name the Top 500 Tallest Coasters ever built - Statistics

General Stats
  • This quiz has been taken 62 times
  • The average score is 147 of 500
Answer Stats
Year Coaster % Correct
2005 Kingda Ka
100%
2019 Fury
90%
1999 Millennium
90%
2003 Top Thrill Dragster
90%
2010 Intimidator
85%
2000 Millennium Force
85%
2019 Red Force
85%
1987 Bat
80%
2015 Fury 325
80%
2000 | 2002 | 2006 | +2 others Goliath
80%
2010 Intimidator 305
80%
2022 Iron Gwazi
80%
2020 Orion
80%
2018 Steel Vengeance
80%
2020 Candymonium
75%
2009 Diamondback
75%
2017 Hype
75%
2012 Leviathan
75%
2001 Nitro
75%
2000 Steel Dragon 2000
75%
2005 Superman Escape
75%
1997 Superman Escape From Krypton
75%
2001 Tower Of Terror
75%
2015 Batman the Ride
70%
2019 Batman The Ride
70%
2013 Iron Rattler
70%
2016 Mako
70%
2012 Skyrush
70%
2003 Thunder Dolphin
70%
2001 | 2016 Wildfire
70%
2002 X2
70%
1999 Apollo's Chariot
65%
2006 Eejanaika
65%
1996 Fujiyama
65%
2013 Gatekeeper
65%
2018 Hyperion
65%
1989 Magnum XL 200
65%
1999 | 2000 Medusa
65%
2005 Sheikra
65%
2002 Silver Star
65%
2000 Superman the Ride
65%
1997 Tower of Terror II
65%
2006 Voyage
65%
2019 Zadra
65%
1997 Alpengeist
60%
2008 Behemoth
60%
2013 Full Throttle
60%
2007 Griffon
60%
2016 | 2017 Joker
60%
2011 Krake
60%
2004 Lightning
60%
2009 Manta
60%
2010 | 2016 | 2021 Monster
60%
2011 New Texas Giant
60%
2022 Pantheon
60%
1999 Raging Bull
60%
1994 Raptor
60%
2003 Scream
60%
2012 Shambhala
60%
2004 Storm Runner
60%
2012 Superman Ultimate Flight
60%
2011 Takabisha
60%
1988 | 2001 Titan
60%
2021 Velocicoaster
60%
2002 Xcelerator
60%
2019 Yukon Striker
60%
2014 Banshee
55%
1994 Big One
55%
2016 Coaster Through The Clouds
55%
1978 | 2001 | 2004 Colossus
55%
1995 Dragon Khan
55%
2006 El Toro
55%
2021 Kondaa
55%
2000 Kraken
55%
1998 Mamba
55%
1996 Montu
55%
1998 Riddler's Revenge
55%
1999 Ride of Steel
55%
1998 | 2006 Stealth
55%
1999 Steel Eel
55%
1997 Steel Force
55%
2000 Superman Krypton Coaster
55%
2000 Superman Ride of Steel
55%
2012 Swarm
55%
2006 Tatsu
55%
2019 Untamed
55%
2016 Valravn
55%
2018 Wonder Woman
55%
1988 Bandit
50%
2009 | 2022 Blue Fire
50%
2015 Cannibal
50%
1994 Desperado
50%
2000 | 2008 Dominator
50%
2022 Emperor
50%
2008 Fahrenheit
50%
2016 Flash
50%
2016 Flying Dinosaur
50%
2010 Formula Rossa
50%
2019 Hakugei
50%
2007 Hollywood Dream
50%
2021 Jersey Devil Coaster
50%
2016 Lightning Rod
50%
1998 Mr Freeze Reverse Blast
50%
2012 Oziris
50%
1991 Phantoms Revenge
50%
2003 | 2008 Possessed
50%
2019 Steel Curtain
50%
2015 Tempesto
50%
2019 Tigris
50%
2021 Abyssus
45%
1979 Beast
45%
2017 DC Rivals Hypercoaster
45%
2012 Dinoconda
45%
2022 Dr Diabolicals Cliffhanger
45%
2018 Electric Eel
45%
2018 Fenix
45%
2001 Flash Vertical Velocity
45%
2016 Flying Aces
45%
2018 Hangtime
45%
2014 Helix
45%
2018 Hyper Coaster
45%
2009 Ispeed
45%
1993 Kumba
45%
2001 Talon
45%
2008 T Express
45%
2019 TMNT Shellraiser
45%
2023 Toutatis
45%
2015 Twisted Colossus
45%
1990 | 1992 | 1995 Viper
45%
1987 Vortex
45%
1996 Wild Thing
45%
2022 Wonder Woman Flight of Courage
45%
2001 X Flight
45%
1999 Afterburn
40%
1997 Big Apple Coaster
40%
2009 Diving Coaster
40%
2001 Do Dodonpa
40%
2022 Fonix
40%
1989 Great American Scream Machine
40%
2005 Hades 360
40%
2009 Hollywood Rip Ride Rockit
40%
1978 Loch Ness Monster
40%
2019 Maxx Force
40%
2016 Phobia Phear Coaster
40%
1997 Pyrenees
40%
1996 Rougarou
40%
2015 Schwur Des Karnan
40%
2004 Silver Bullet
40%
2000 Son Of Beast
40%
2018 Speed
40%
2011 Starry Sky Ripper
40%
2004 Superman El Ultimo Escape
40%
2019 Taiga
40%
2022 Tumbili
40%
2018 Valkyria
40%
1989 | 1991 | 1999 | 2000 Anaconda
35%
2022 Beyond The Cloud
35%
2008 Dive Coaster
35%
2001 Expedition Geforce
35%
2014 Flug Der Damonen
35%
1998 Ghostrider
35%
2011 Green Lantern
35%
2000 Katun
35%
2017 Lech Coaster
35%
2004 Nighthawk
35%
2015 Oblivion The Black Hole
35%
2002 Odyssey
35%
2014 Parrot Coaster
35%
2006 Patriot
35%
1998 Shivering Timbers
35%
2016 Soaring With Dragon
35%
1999 Tennessee Tornado
35%
2005 Tornado
35%
2018 Twisted Timbers
35%
2015 Acrobat
30%
2008 Aftershock
30%
2023 ArieForce One
30%
2003 Balder
30%
2010 Big Air
30%
1991 | 2013 Bullet
30%
2012 Bullet Coaster
30%
1985 | 1998 | 2001 | +4 others Cobra
30%
2018 Draken
30%
2019 Falcon
30%
1991 Mean Streak
30%
1985 Monstre
30%
1978 Montezoomas Revenge
30%
1983 Moonsault Scramble
30%
2017 Sky Rocket
30%
2021 Steel Taipan
30%
2000 Steel Venom
30%
2016 Velociraptor
30%
2002 Wicked Twister
30%
2018 Wonder Woman Golden Lasso Coaster
30%
2017 Arashi
25%
2014 Battle of Blue Fire
25%
2001 Batwing
25%
1984 | 1985 | 1987 | +14 others Boomerang
25%
2000 Boss
25%
2022 Davinci Ride
25%
2011 Extreme Rusher
25%
2009 Flucht Von Novgorod
25%
1978 Gemini
25%
1989 Goudurix
25%
2018 Heavens Wing
25%
2001 Hypersonic XLC
25%
1985 Mindbender
25%
2014 Nefeskesen
25%
2007 Phaethon
25%
1982 Psyke Underground
25%
2015 Red Fire
25%
1997 Roller Coaster
25%
2014 Sky Scream
25%
2000 Speed the Ride
25%
2002 Stunt Fall
25%
2002 Superman La Atraccion De Acero
25%
2017 Turbo Track
25%
1990 Vampire
25%
2023 Wildcat's Revenge
25%
1981 American Eagle
20%
2009 Anubis The Ride
20%
2023 Aquaman Power Wave
20%
2002 Batman The Dark Knight
20%
1983 Cyclone
20%
2021 Decepticoaster
20%
2001 Deja Vu
20%
1992 Demon
20%
2012 Divertical
20%
2021 Dragon Slayer
20%
2019 Dueling Dragons
20%
2006 Expedition Everest
20%
2007 Firehawk
20%
1989 | 1997 | 2000 Flashback
20%
2019 Flight Of The Himalayan Eagle Music Roller Coaster
20%
2018 Flying Apsaras in Western Region
20%
2017 Galeforce
20%
1998 | 1999 Invertigo
20%
2015 Junker
20%
2021 Legendary Twin Dragon
20%
2016 Pulsar
20%
1976 Screamin Eagle
20%
2011 Shock
20%
1988 | 1994 Shockwave
20%
1978 Shock Wave
20%
1990 Texas Giant
20%
1994 | 2014 | 2019 Thunderbolt
20%
1994 White Cyclone
20%
2012 Wodan Timbur Coaster
20%
2006 X Coaster
20%
2006 Zaturn
20%
1998 Batman and Robin: The Chiller
15%
1992 Blue Hawk
15%
1997 Boomerang Coast To Coaster
15%
1992 Drachen Fire
15%
2016 Dragons Run
15%
2019 Dynamite
15%
2021 Epiq Coaster
15%
1988 Generator
15%
2002 Gravity Max
15%
2015 Harpy
15%
1991 Jolly Rancher Remix
15%
2016 Jungle Trailblazer
15%
2006 Kumali
15%
2020 Pitts Special
15%
1998 Rampage
15%
1992 Rattler
15%
2001 Screaming Condor
15%
1998 Sea Serpent
15%
1980 Shuttle Loop
15%
2004 Sky Wheel
15%
2000 Speed Of Sound
15%
1994 Titan Max
15%
2011 Ukko
15%
1998 Volcano The Blast Coaster
15%
2018 Wing Coaster
15%
2007 Wipeout
15%
1995 Big Dipper
10%
2018 Broken Rail Roller Coaster
10%
1997 Chang
10%
2011 Clouds Of Fairyland
10%
2002 Coaster Express
10%
2013 Fjord Flying Dragon
10%
2009 Flying Cobras
10%
1977 Greased Lightnin
10%
1978 | 2003 Greezed Lightnin
10%
2011 Hair Raiser
10%
1987 Lisebergbanan
10%
1976 New Revolution
10%
2014 Quantum Leap
10%
2001 Ragin Cajun
10%
2000 Regina
10%
2013 Ring Racer
10%
1993 Surf Coaster Leviathan
10%
1978 | 1984 Tidal Wave
10%
2016 Typhoon Coaster
10%
1977 White Lightnin
10%
2015 Zombie Ride
10%
2010 Battlestar Galactica
5%
1993 Black Hole Express
5%
2022 Crouching Tiger Hidden Dragon
5%
2015 Diabolik
5%
1999 Diving Coaster Vanish
5%
2021 Dragon In The Jungle
5%
? Formula One
5%
1979 Gao
5%
2022 Giant Digger
5%
2011 Giant Inverted Boomerang
5%
2001 Gold Coaster
5%
1989 Golden Loop
5%
1995 Great Nor Easter
5%
1997 Hangover
5%
1992 Hayabusa
5%
2013 Hot Wheels Nitro
5%
2022 John Wick Open Contract
5%
1999 Katapul
5%
2018 | 2020 Launch Coaster
5%
1996 Orochi
5%
2014 OST Thrust SSC 1000
5%
2017 Rollin Thunder
5%
2014 Serpent Dragon
5%
1980 | 2022 Sky Loop
5%
2002 Snow Mountain Flying Dragon
5%
2006 Speed No Limits
5%
2019 Steam Racers
5%
2012 Stinger
5%
2003 Supersonic Odyssey
5%
2012 Surfrider
5%
1990 Thunderlooper
5%
2008 Time Machine
5%
2012 Triops
5%
1999 Two Face The Flip Side
5%
2013 U Shaped Roller Coaster
5%
2015 Velikolukskiy Myasokombinat
5%
1996 | 2022 Venus GP
5%
2018 Vertical Roller Coaster
5%
1990 Wind God Thor
5%
2020 Wrath of Zeus
5%
1998 | 2005 Zoomerang
5%
1983 Aconcagua
0%
2007 Afterburner
0%
1980 Atomic
0%
1980 Atomic Coaster
0%
1981 | 1987 Big Boom
0%
1990 Black Hole 2000
0%
2021 Blu Power
0%
2019 Boomerang Challenge Coaster
0%
2021 Boomerang Hyper Coaster
0%
1996 Boomerng
0%
2012 Bumeran
0%
1995 Bumerang
0%
2011 Buzzsaw
0%
1988 Coca Cola Roller
0%
2021 Cross Magic Ring
0%
1997 Delphis
0%
2015 Dinosaur's Spine
0%
2009 Dragon In Clouds
0%
2003 Feng Shen Coaster
0%
2007 | 2015 Flare Meteor
0%
2000 Fluch Des Kraken
0%
1992 Fujin Raijin II
0%
1966 Giant Coaster
0%
2022 Giant Splash
0%
2006 Golden Wings Over the Snowfield
0%
2023 Gotham City Escape
0%
2018 Hanging Roller Coaster
0%
1996 Head Spin
0%
2020 Heart of Angels
0%
2012 Hidden Anaconda
0%
2015 Hydro Racer
0%
1989 Kamikaze
0%
1977 | 1987 King Kobra
0%
2010 King of Kings
0%
1937 Lake Placid Bobsled
0%
2015 Magic Loop Roller Coaster
0%
2006 Magic Ring Vertical Coaster
0%
2019 Magic Roller Coaster
0%
2010 Max Speed
0%
1997 Mega Coaster
0%
1991 Milky Way
0%
1989 Missile
0%
1964 Montana Rusa
0%
1998 Monte Makaya
0%
1989 Mount Rocky Coaster
0%
2019 Oksoko Ofkesi
0%
1980 Orient Express
0%
2019 Power Splash
0%
2022 Project Zero
0%
2011 Racing Coaster
0%
2016 | 2017 Recoil
0%
1992 Sierra Tonante
0%
2011 Skate
0%
2005 Skycar
0%
2009 Sky Mountain
0%
1995 Space Shuttle
0%
2012 | 2013 | 2015 | +3 others Stress Express
0%
1990 Super Roller Coaster
0%
2012 | 2013 | 2015 Terror Twister
0%
1996 Thriller
0%
2015 Thundebird
0%
2018 Thunderchariot
0%
2008 Tsunami
0%
1985 | 1988 | 1989 Ultra Twister
0%
2007 Vertigo
0%
2015 Whirly Roller Coaster
0%
1995 White Canyon
0%
1982 | 1985 Wiener Looping
0%
2003 Zonga
0%
2000 Zydeco Scream
0%
No matching quizzes found
Score Distribution
Percent of People with Each Score
Percentile by Number Answered
Your Score History
You have not taken this quiz